[Event "OPEN B - XVII MIEDZYNARODOWY FESTIWAL S"]
[Site "GOLD CHESS Open  - Rewal"]
[Date "2012.??.??"]
[Round "6.12"]
[White "Lewtak, Dominik"]
[Black "Nowak, Ryszard"]
[Result "1-0"]
[WhiteElo "1776"]
[BlackElo "2046"]
[PlyCount "35"]
[EventDate "2012.??.??"]

1. e4 c6 2. d4 d5 3. Nc3 g6 4. h3 Bg7 5. Nf3 dxe4 6. Nxe4 Nd7 7. Bc4 Ngf6 8.
Neg5 Nd5 9. O-O O-O 10. Re1 h6 11. Ne4 Kh7 12. c3 Qc7 13. Qc2 e5 14. dxe5 Nxe5
15. Nxe5 Bxe5 16. Qd2 Bg7 17. Bxd5 Rd8 18. Nf6+ 1-0

[Event "OPEN B - XVII MIEDZYNARODOWY FESTIWAL S"]
[Site "GOLD CHESS Open  - Rewal"]
[Date "2012.??.??"]
[Round "6.13"]
[White "Bes, Michal"]
[Black "Duszenko, Michal"]
[Result "1-0"]
[WhiteElo "1977"]
[BlackElo "1852"]
[PlyCount "91"]
[EventDate "2012.??.??"]

1. Nf3 d6 2. e4 Nf6 3. Nc3 g6 4. d4 Bg7 5. Be3 O-O 6. Qd2 Nc6 7. h3 e5 8. d5
Ne7 9. O-O-O Ne8 10. g4 b6 11. Bh6 Kh8 12. Ne2 f5 13. gxf5 gxf5 14. Bxg7+ Nxg7
15. Ng5 Ng6 16. h4 fxe4 17. h5 e3 18. Qxe3 Nf4 19. Nxf4 exf4 20. Qd4 Qxg5 21.
h6 Qe5 22. hxg7+ Kxg7 23. Qc4 Bf5 24. Qxc7+ Rf7 25. Qc3 Qxc3 26. bxc3 Kf6 27.
Rd4 Re8 28. Rxf4 Re4 29. Rxf5+ Kxf5 30. Bd3 Kf4 31. Rh4+ Kf3 32. Bxe4+ Kxf2 33.
Rxh7 Rf4 34. Bd3 Ra4 35. Kb2 Ke3 36. Rh6 Ra5 37. Rxd6 Kf4 38. Rd8 Ke5 39. d6
Rd5 40. Re8+ Kf6 41. Rf8+ Kg7 42. Rd8 Kf6 43. a4 Ke5 44. d7 Kd6 45. Bb5 a6 46.
Rc8 1-0

[Event "OPEN B - XVII MIEDZYNARODOWY FESTIWAL S"]
[Site "GOLD CHESS Open  - Rewal"]
[Date "2012.??.??"]
[Round "6.14"]
[White "Gawiec, Konrad"]
[Black "Nun, Grzegorz"]
[Result "1-0"]
[WhiteElo "1911"]
[BlackElo "1726"]
[PlyCount "73"]
[EventDate "2012.??.??"]

1. e4 c5 2. Nf3 d6 3. d4 cxd4 4. Qxd4 Nc6 5. Bb5 Bd7 6. Bxc6 Bxc6 7. Nc3 Nf6 8.
Bg5 e6 9. O-O-O Be7 10. Qd3 a6 11. h4 b5 12. Nd4 Bb7 13. f3 Rc8 14. Kb1 h6 15.
Be3 Nd7 16. Nb3 Ne5 17. Qd4 Nc4 18. Bc1 Bf6 19. Qf2 Qc7 20. g4 b4 21. g5 Be5
22. Na4 Bc6 23. f4 Bxb2 24. Bxb2 Bxa4 25. Bxg7 Na3+ 26. Kb2 Rh7 27. Bf6 e5 28.
Rh3 Qd7 29. Rhd3 Nc4+ 30. Ka1 Qc7 31. fxe5 Nxe5 32. Rxd6 Nd7 33. Bb2 hxg5 34.
Qf5 Rxh4 35. Bg7 Rh2 36. Re6+ fxe6 37. Qxe6+ 1-0

[Event "OPEN B - XVII MIEDZYNARODOWY FESTIWAL S"]
[Site "GOLD CHESS Open  - Rewal"]
[Date "2012.??.??"]
[Round "6.15"]
[White "Jasnikowska, Malgorzata"]
[Black "Obiedzinski, Pawel"]
[Result "1/2-1/2"]
[WhiteElo "1725"]
[BlackElo "2040"]
[PlyCount "95"]
[EventDate "2012.??.??"]

1. e4 c6 2. d4 d5 3. Nc3 dxe4 4. Nxe4 Nd7 5. Nf3 Ngf6 6. Nxf6+ Nxf6 7. Bf4 Bg4
8. c3 e6 9. Be2 Be7 10. Qd2 O-O 11. h3 Bh5 12. g4 Bg6 13. Rg1 Nd5 14. Bg3 Be4
15. Ne5 f6 16. Nd3 b6 17. O-O-O Bd6 18. h4 Qc7 19. h5 Rad8 20. c4 Bxd3 21. Bxd3
Bf4 22. Bxf4 Nxf4 23. Qe3 e5 24. dxe5 Qxe5 25. Qxe5 fxe5 26. Bf1 Rxd1+ 27. Kxd1
Ne6 28. Ke1 Kf7 29. Rg3 Nf4 30. Bd3 Nxd3+ 31. Rxd3 Ke6 32. f3 Rf4 33. Ra3 a5
34. Rb3 e4 35. Rxb6 exf3 36. Rxc6+ Kd7 37. Rc5 Rxg4 38. Kf2 Kd6 39. Rd5+ Kc6
40. Kxf3 Rxc4 41. Rxa5 Kb6 42. Rg5 Rb4 43. Ke3 h6 44. Rxg7 Rxb2 45. Kf3 Rh2 46.
Rg2 Rh3+ 47. Kg4 Rd3 48. Rb2+ 1/2-1/2

[Event "OPEN B - XVII MIEDZYNARODOWY FESTIWAL S"]
[Site "GOLD CHESS Open  - Rewal"]
[Date "2012.??.??"]
[Round "6.16"]
[White "Birkenmaier, Rainer"]
[Black "Czernicki, Bogdan"]
[Result "1/2-1/2"]
[WhiteElo "2099"]
[BlackElo "1850"]
[PlyCount "57"]
[EventDate "2012.??.??"]

1. d4 c5 2. e3 d5 3. c3 cxd4 4. exd4 Nc6 5. Bd3 g6 6. Nf3 Bg7 7. O-O Nf6 8. Re1
O-O 9. Bg5 Bg4 10. Nbd2 Qb6 11. Qb3 Qxb3 12. axb3 h6 13. Bh4 Bxf3 14. Nxf3 e6
15. b4 g5 16. Bg3 a6 17. Ra3 Rfe8 18. Rea1 Bf8 19. Ra4 Rac8 20. b5 axb5 21.
Bxb5 Ne4 22. Ne5 Nxg3 23. hxg3 Bd6 24. Nd7 Red8 25. Nb6 Rb8 26. Ra8 Rxa8 27.
Rxa8 Rxa8 28. Nxa8 Na7 29. Be2 1/2-1/2

[Event "OPEN B - XVII MIEDZYNARODOWY FESTIWAL S"]
[Site "GOLD CHESS Open  - Rewal"]
[Date "2012.??.??"]
[Round "6.17"]
[White "Zminda, Bogdan"]
[Black "Lopuszanski, Kamil"]
[Result "1-0"]
[WhiteElo "2087"]
[BlackElo "1840"]
[PlyCount "63"]
[EventDate "2012.??.??"]

1. e4 c5 2. Nf3 d6 3. d4 cxd4 4. Nxd4 Nf6 5. Nc3 a6 6. Be2 e6 7. g4 Be7 8. g5
Nfd7 9. h4 O-O 10. Be3 Re8 11. Qd2 Nc6 12. O-O-O Bf8 13. h5 Na5 14. f4 b5 15.
f5 Ne5 16. b3 Qc7 17. g6 fxg6 18. hxg6 h6 19. fxe6 Nac6 20. Nd5 Qd8 21. Nxc6
Nxc6 22. Bb6 Qg5 23. Qxg5 hxg5 24. Nc7 Bxe6 25. Nxa8 Rxa8 26. Rh5 Be7 27. Rdh1
Kf8 28. Rh8+ Bg8 29. Bg4 Bf6 30. Be6 Ne7 31. Rxg8+ Nxg8 32. Rh8 1-0

[Event "OPEN B - XVII MIEDZYNARODOWY FESTIWAL S"]
[Site "GOLD CHESS Open  - Rewal"]
[Date "2012.??.??"]
[Round "6.18"]
[White "Hasanov, Sahib"]
[Black "Maliszewski, Jacek"]
[Result "1/2-1/2"]
[WhiteElo "2068"]
[BlackElo "1720"]
[PlyCount "82"]
[EventDate "2012.??.??"]

1. d4 d5 2. Nf3 c6 3. g3 e6 4. Bg2 Bd6 5. O-O Nf6 6. c4 O-O 7. Nc3 Nbd7 8. e4
Nxe4 9. Nxe4 dxe4 10. Ng5 e5 11. Nxe4 Be7 12. d5 f5 13. Nc3 e4 14. f3 exf3 15.
Bxf3 Ne5 16. Be2 Bc5+ 17. Kg2 g5 18. dxc6 Qxd1 19. Rxd1 f4 20. Rd5 f3+ 21. Bxf3
Nxf3 22. Rxc5 Ne1+ 23. Kg1 h6 24. Bf4 Nd3 25. Rd5 Nxb2 26. Rb5 bxc6 27. Rxb2
gxf4 28. Rd1 fxg3 29. hxg3 Ba6 30. Rd6 Bxc4 31. Rxc6 Rac8 32. Rxh6 Bd3 33. Ne2
Rf3 34. Rh4 Bxe2 35. Rxe2 Kf7 36. Rd2 Rc1+ 37. Kg2 Ra3 38. Rf4+ Kg6 39. Rf3 Ra5
40. a3 Ra1 41. Rdd3 Ra4 1/2-1/2

[Event "OPEN B - XVII MIEDZYNARODOWY FESTIWAL S"]
[Site "GOLD CHESS Open  - Rewal"]
[Date "2012.??.??"]
[Round "6.19"]
[White "Malinowski, Damian"]
[Black "Steppuhn, Thomas"]
[Result "1-0"]
[WhiteElo "1827"]
[BlackElo "2039"]
[PlyCount "51"]
[EventDate "2012.??.??"]

1. c4 e6 2. d4 b6 3. e4 Bb7 4. Bd3 f5 5. Qe2 Nf6 6. f3 fxe4 7. fxe4 Nxe4 8. Nf3
Bb4+ 9. Bd2 Bxd2+ 10. Nbxd2 Nxd2 11. Kxd2 O-O 12. h4 Nc6 13. Ng5 Qf6 14. Rhf1
Qh6 15. Bxh7+ Kh8 16. Kc3 Ne7 17. Nf7+ Rxf7 18. Rxf7 Qxh7 19. Rxe7 Bc6 20. Rf1
Qxh4 21. Ref7 Qg3+ 22. Qd3 Qxd3+ 23. Kxd3 Bxg2 24. Rg1 Bc6 25. Rfxg7 Rf8 26.
R7g3 1-0

[Event "OPEN B - XVII MIEDZYNARODOWY FESTIWAL S"]
[Site "GOLD CHESS Open  - Rewal"]
[Date "2012.??.??"]
[Round "6.20"]
[White "Czepczynski, Boguslaw"]
[Black "Kopica, Paulina"]
[Result "1-0"]
[WhiteElo "1971"]
[BlackElo "1744"]
[PlyCount "79"]
[EventDate "2012.??.??"]

1. c4 f5 2. Nf3 Nf6 3. Nc3 e6 4. d4 b6 5. g3 Bb7 6. Bg2 Bb4 7. O-O Bxc3 8. bxc3
O-O 9. Bg5 d6 10. a4 a5 11. Qb3 Qc8 12. Bxf6 Rxf6 13. e3 Nd7 14. Rfb1 Be4 15.
Rb2 Qb7 16. Qd1 Qc6 17. Qe2 Rff8 18. Rb5 d5 19. c5 bxc5 20. dxc5 Nxc5 21. c4
Qd6 22. cxd5 Bd3 23. Qd1 Bxb5 24. axb5 exd5 25. Nd4 a4 26. Nc6 Ne4 27. Qd4 a3
28. Nb4 Rfd8 29. Nc6 Rd7 30. Ne5 Re7 31. Nc6 Rf7 32. Ne5 Rff8 33. f3 Nf6 34. f4
Rfb8 35. Qd3 Qc5 36. Qxf5 Qd6 37. Qd3 Ra4 38. g4 Ne4 39. Bxe4 dxe4 40. Qb3+ 1-0

[Event "OPEN B - XVII MIEDZYNARODOWY FESTIWAL S"]
[Site "GOLD CHESS Open  - Rewal"]
[Date "2012.??.??"]
[Round "6.21"]
[White "Knap, Jerzy"]
[Black "Obiedzinski, Piotr"]
[Result "1/2-1/2"]
[WhiteElo "1798"]
[BlackElo "1913"]
[PlyCount "84"]
[EventDate "2012.??.??"]

1. d4 Nf6 2. c4 g6 3. Nc3 Bg7 4. e4 d6 5. Nf3 O-O 6. Be2 e5 7. O-O Nc6 8. d5
Ne7 9. Ne1 Ne8 10. Nd3 f5 11. f3 Nf6 12. c5 f4 13. Bd2 g5 14. cxd6 cxd6 15. Nf2
Kh8 16. Rc1 Rf7 17. Nb5 Neg8 18. Qc2 Ne8 19. Qb3 h5 20. Bb4 Ngf6 21. h3 Bf8 22.
Rc2 a6 23. Na3 Rg7 24. Nc4 b6 25. Nxe5 dxe5 26. Bxf8 Rg8 27. Bb4 g4 28. fxg4
hxg4 29. hxg4 Ra7 30. Rfc1 Bxg4 31. Bxg4 Nxg4 32. Nxg4 Rxg4 33. Rc8 Qh4 34.
Rxe8+ Kh7 35. Rcc8 Rxg2+ 36. Kxg2 Rg7+ 37. Kf1 Qh1+ 38. Ke2 Qxe4+ 39. Kf1 Qh1+
40. Ke2 Qe4+ 41. Kf1 Qh1+ 42. Ke2 Qe4+ 1/2-1/2

[Event "OPEN B - XVII MIEDZYNARODOWY FESTIWAL S"]
[Site "GOLD CHESS Open  - Rewal"]
[Date "2012.??.??"]
[Round "6.22"]
[White "Kowalczyk, Adam"]
[Black "Poswiatowski, Stanislaw"]
[Result "1/2-1/2"]
[WhiteElo "1896"]
[BlackElo "1700"]
[PlyCount "96"]
[EventDate "2012.??.??"]

1. e4 e6 2. d4 d5 3. Nd2 dxe4 4. Nxe4 Bd7 5. Nf3 Bc6 6. Bd3 Bxe4 7. Bxe4 c6 8.
c3 Nf6 9. Bc2 Nbd7 10. Bf4 Be7 11. O-O O-O 12. Qd3 c5 13. Ne5 cxd4 14. cxd4 g6
15. Rfe1 Nd5 16. Bh6 Re8 17. Ba4 N5b6 18. Bb5 a6 19. Nxd7 Nxd7 20. Bc4 Nb6 21.
Bb3 Bf6 22. Rad1 Nd5 23. Qf3 Bg5 24. Bxd5 Bxh6 25. Bxb7 Rb8 26. Bxa6 Rxb2 27.
Bc4 Bg7 28. d5 exd5 29. Bxd5 Rxe1+ 30. Rxe1 Bf6 31. h3 Rb5 32. Rd1 Qb6 33. Qe2
Qb8 34. Qc4 Rb1 35. Rxb1 Qxb1+ 36. Kh2 Qe1 37. Qc5 Qe5+ 38. g3 Qd4 39. Qxd4
Bxd4 40. Kg2 Kf8 41. f4 f6 42. h4 h6 43. Kf3 g5 44. Ke4 Bf2 45. hxg5 hxg5 46.
Kf3 Bd4 47. f5 Ke7 48. Ke4 Bg1 1/2-1/2

[Event "OPEN B - XVII MIEDZYNARODOWY FESTIWAL S"]
[Site "GOLD CHESS Open  - Rewal"]
[Date "2012.??.??"]
[Round "6.23"]
[White "Kalmuk, Krzysztof"]
[Black "Drela, Michal"]
[Result "0-1"]
[WhiteElo "1857"]
[BlackElo "1570"]
[PlyCount "54"]
[EventDate "2012.??.??"]

1. d4 d5 2. Nf3 Nf6 3. c4 c6 4. e3 Bf5 5. Nc3 e6 6. Nh4 Bg4 7. Qb3 b6 8. h3 Bf5
9. Bd2 Ne4 10. Nxe4 Bxe4 11. g3 g5 12. Ng2 Bf3 13. Bc3 Bg7 14. h4 Nd7 15. hxg5
Qxg5 16. Rh2 e5 17. Be2 Bxe2 18. Kxe2 Qg4+ 19. Kd2 O-O-O 20. Qd1 Qg5 21. Kc2 h5
22. Qe2 exd4 23. exd4 Nf6 24. Rd1 Ng4 25. Rhh1 Qf6 26. Ne3 Qxf2 27. Rd2 Nxe3+
0-1

[Event "OPEN B - XVII MIEDZYNARODOWY FESTIWAL S"]
[Site "GOLD CHESS Open  - Rewal"]
[Date "2012.??.??"]
[Round "6.24"]
[White "Sikorski, Tomasz"]
[Black "Kaluzny, Wlodzimierz"]
[Result "1/2-1/2"]
[WhiteElo "1735"]
[BlackElo "2011"]
[PlyCount "116"]
[EventDate "2012.??.??"]

1. e4 e6 2. d4 d5 3. Nd2 dxe4 4. Nxe4 Nd7 5. Nf3 Ngf6 6. Bg5 Be7 7. Nxf6+ Nxf6
8. Bb5+ Bd7 9. Be2 c5 10. Ne5 Qa5+ 11. Bd2 Qb6 12. Nxd7 Nxd7 13. Bc3 Bf6 14.
dxc5 Bxc3+ 15. bxc3 Nxc5 16. Rb1 Qc7 17. Qd4 O-O 18. Rb5 b6 19. O-O Rfd8 20.
Qb4 Rac8 21. c4 Qf4 22. Qb1 Ne4 23. g3 Qf6 24. Bd3 Nd2 25. Qc1 Nxf1 26. Kxf1
Rc7 27. a4 g6 28. Kg2 Qd4 29. Qg5 Rdc8 30. Rb4 Qc5 31. Qd2 Qd6 32. Qc3 e5 33.
f3 Rc5 34. Qe1 f5 35. Rb5 Qd4 36. a5 Rxb5 37. cxb5 bxa5 38. Qxa5 Kg7 39. Qa6
Qd7 40. h4 Re8 41. Kh3 Re7 42. Qa4 h5 43. Qb4 Kh7 44. Kg2 Qb7 45. Qd6 e4 46.
fxe4 fxe4 47. Be2 Qc7 48. Qd2 Qe5 49. Qe3 Rd7 50. c4 Rd4 51. Kf2 Qc5 52. Bf1
Rd2+ 53. Be2 Rxe2+ 54. Kxe2 Qxc4+ 55. Kf2 Qa2+ 56. Ke1 Qa4 57. Qc5 Qa1+ 58. Ke2
Kg7 1/2-1/2

[Event "OPEN B - XVII MIEDZYNARODOWY FESTIWAL S"]
[Site "GOLD CHESS Open  - Rewal"]
[Date "2012.??.??"]
[Round "6.25"]
[White "Krzysztofiak, Zdzislaw"]
[Black "Jablonska, Sabina"]
[Result "0-1"]
[WhiteElo "1671"]
[BlackElo "1979"]
[PlyCount "86"]
[EventDate "2012.??.??"]

1. e4 d5 2. exd5 Qxd5 3. Nc3 Qd6 4. Nf3 Nf6 5. d4 a6 6. Bd3 Nbd7 7. O-O e6 8.
Re1 Be7 9. h3 O-O 10. Ne2 b5 11. Bf4 Qb6 12. c3 Bb7 13. Ng3 c5 14. Ne4 Rfd8 15.
b3 cxd4 16. cxd4 Nxe4 17. Bxe4 Bxe4 18. Rxe4 Nf6 19. Re1 Nd5 20. Bd2 Bf6 21.
Re4 Ne7 22. Bb4 Nf5 23. Bc5 Qb7 24. Qc2 Rac8 25. b4 Nxd4 26. Nxd4 Bxd4 27. Rd1
Bxc5 28. Rxd8+ Rxd8 29. bxc5 h6 30. Re3 Qd5 31. Re1 Qd2 32. Rc1 Qxc2 33. Rxc2
Rc8 34. Kf1 Kf8 35. Ke2 Ke7 36. f4 Rd8 37. Ke3 Kd7 38. a4 Kc6 39. axb5+ axb5
40. g4 Ra8 41. Ke4 Ra4+ 42. Ke5 Kd7 43. c6+ Kc7 0-1

[Event "OPEN B - XVII MIEDZYNARODOWY FESTIWAL S"]
[Site "GOLD CHESS Open  - Rewal"]
[Date "2012.??.??"]
[Round "6.26"]
[White "Jewulski, Krzysztof"]
[Black "Gajzner, Ryszard"]
[Result "1/2-1/2"]
[WhiteElo "1950"]
[BlackElo "1734"]
[PlyCount "49"]
[EventDate "2012.??.??"]

1. d4 e6 2. c4 Nf6 3. Nf3 Bb4+ 4. Bd2 Qe7 5. a3 Bxd2+ 6. Nbxd2 d6 7. g3 Nc6 8.
Bg2 O-O 9. O-O e5 10. dxe5 dxe5 11. e4 a5 12. Qe2 Bg4 13. Qe3 Rad8 14. Rad1 Nd4
15. Nb3 Bxf3 16. Bxf3 Nxf3+ 17. Qxf3 a4 18. Nc1 Qc5 19. Rxd8 Rxd8 20. Rd1 Rd4
21. Rxd4 Qxd4 22. Qf5 h6 23. Qc8+ Kh7 24. Qf5+ Kg8 25. Qc8+ 1/2-1/2

[Event "OPEN B - XVII MIEDZYNARODOWY FESTIWAL S"]
[Site "GOLD CHESS Open  - Rewal"]
[Date "2012.??.??"]
[Round "6.27"]
[White "Niedbal, Piotr"]
[Black "Warchol, Maria"]
[Result "1-0"]
[WhiteElo "1693"]
[BlackElo "1841"]
[PlyCount "47"]
[EventDate "2012.??.??"]

1. e4 e6 2. d4 d5 3. Nd2 Nf6 4. e5 Nfd7 5. Bd3 c5 6. c3 Nc6 7. Ne2 Qb6 8. Nf3
f6 9. exf6 Nxf6 10. O-O Bd6 11. Bf4 Bxf4 12. Nxf4 O-O 13. Re1 Re8 14. Ng5 e5
15. Nxh7 Qd8 16. Nxf6+ gxf6 17. Qh5 Re7 18. dxe5 Nxe5 19. Rxe5 fxe5 20. Qg5+
Kf8 21. Ng6+ Ke8 22. Bb5+ Bd7 23. Nxe5 Rxe5 24. Qxe5+ 1-0

[Event "OPEN B - XVII MIEDZYNARODOWY FESTIWAL S"]
[Site "GOLD CHESS Open  - Rewal"]
[Date "2012.??.??"]
[Round "6.28"]
[White "Bobryk, Konrad"]
[Black "Hagner, Pawel"]
[Result "1-0"]
[WhiteElo "1616"]
[BlackElo "1823"]
[PlyCount "59"]
[EventDate "2012.??.??"]

1. d4 Nf6 2. c4 g6 3. Nc3 Bg7 4. e4 d6 5. h3 O-O 6. Nf3 e5 7. d5 Nbd7 8. Bd3
Nc5 9. Bc2 a5 10. Bg5 Bd7 11. Qd2 a4 12. g4 Qc8 13. O-O-O a3 14. b3 Qe8 15. Bh6
b5 16. cxb5 Bxb5 17. Rdg1 Qb8 18. Bxg7 Kxg7 19. h4 h5 20. gxh5 Nxh5 21. Rg5 Rh8
22. Rhg1 Nf4 23. R5g3 Ncd3+ 24. Kb1 Qb6 25. Ng5 Qc5 26. Nxb5 Qxb5 27. Bxd3 Nxd3
28. Qxd3 Qc5 29. Qf3 Raf8 30. Ne6+ 1-0

[Event "OPEN B - XVII MIEDZYNARODOWY FESTIWAL S"]
[Site "GOLD CHESS Open  - Rewal"]
[Date "2012.??.??"]
[Round "6.29"]
[White "Wilk, Tomasz"]
[Black "Janke, Georg"]
[Result "1-0"]
[WhiteElo "1667"]
[BlackElo "1794"]
[PlyCount "47"]
[EventDate "2012.??.??"]

1. c4 Nf6 2. Nc3 e6 3. e4 d6 4. d4 c6 5. g3 d5 6. cxd5 exd5 7. e5 Ng8 8. Bg2
Bf5 9. f4 f6 10. Nf3 fxe5 11. fxe5 Be7 12. O-O Nd7 13. Qe2 Be6 14. Kh1 h6 15.
Nh4 Bxh4 16. Qh5+ Ke7 17. Qxh4+ Ke8 18. Qh5+ Ke7 19. Bg5+ Ngf6 20. exf6+ Nxf6
21. Bxf6+ gxf6 22. Rae1 Kd6 23. Qh4 Qf8 24. Rxf6 1-0

[Event "OPEN B - XVII MIEDZYNARODOWY FESTIWAL S"]
[Site "GOLD CHESS Open  - Rewal"]
[Date "2012.??.??"]
[Round "6.30"]
[White "Trepkowski, Piotr"]
[Black "Woloch, Oskar"]
[Result "1-0"]
[WhiteElo "1786"]
[BlackElo "1564"]
[PlyCount "103"]
[EventDate "2012.??.??"]

1. e4 e5 2. f4 Bc5 3. Nf3 d6 4. c3 Nf6 5. d4 exd4 6. cxd4 Bb4+ 7. Bd2 Bxd2+ 8.
Nbxd2 O-O 9. Qb3 Nc6 10. Bd3 Rb8 11. O-O Bg4 12. d5 Bxf3 13. Nxf3 Ne7 14. Rac1
c5 15. dxc6 bxc6 16. Qc2 Qb6+ 17. Qf2 Nd7 18. b3 Rfe8 19. Bb1 Nf6 20. e5 Qxf2+
21. Rxf2 Ng4 22. Re2 dxe5 23. h3 Nf6 24. Nxe5 Rbc8 25. Kf2 Ned5 26. Nxc6 Rxe2+
27. Kxe2 Nxf4+ 28. Kf3 N6d5 29. Be4 Kf8 30. Rc2 Rc7 31. a4 Ne7 32. Nxe7 Rxc2
33. Ng6+ hxg6 34. Bxc2 Ke7 35. Ke3 Kd6 36. Kd4 a5 37. Kc4 Kc6 38. Kd4 Nd5 39.
Bd3 Nb6 40. Bb5+ Kd6 41. Be8 Ke7 42. Kc5 Nc8 43. Bc6 Kd8 44. Bd5 f5 45. Kb5 Kc7
46. Kxa5 Nd6 47. b4 Ne4 48. b5 g5 49. b6+ Kb8 50. Bxe4 fxe4 51. Kb4 Kb7 52. a5
1-0

[Event "OPEN B - XVII MIEDZYNARODOWY FESTIWAL S"]
[Site "GOLD CHESS Open  - Rewal"]
[Date "2012.??.??"]
[Round "6.31"]
[White "Murawko, Julia"]
[Black "Sowa, Martyna"]
[Result "1/2-1/2"]
[WhiteElo "1607"]
[BlackElo "1765"]
[PlyCount "92"]
[EventDate "2012.??.??"]

1. e4 c5 2. Nf3 e6 3. d4 cxd4 4. Nxd4 a6 5. Nc3 Qc7 6. Be3 Nf6 7. Bd3 b5 8. O-O
Bb7 9. a3 d6 10. f4 Nbd7 11. Qf3 Nc5 12. Rae1 d5 13. e5 Nfe4 14. Bxe4 Nxe4 15.
Nxe4 dxe4 16. Qg3 g6 17. h4 h5 18. Rd1 Bd5 19. Rf2 Be7 20. Qh3 Rb8 21. Kh2 a5
22. f5 exf5 23. Nxf5 Qxe5+ 24. Bf4 Qxf5 25. Qxf5 gxf5 26. Bxb8 Be6 27. g3 O-O
28. Bf4 Bc5 29. Re2 Bc4 30. Ree1 Bf2 31. Rh1 e3 32. b3 Be2 33. Rd6 Bf3 34. Rc1
e2 35. Bd2 Re8 36. Be1 Be3 37. Ra1 Bc5 38. Rd2 Be3 39. Rd3 f4 40. gxf4 Bxf4+
41. Bg3 Be4 42. Rc3 Bd2 43. Rc5 Bf3 44. Be1 Bf4+ 45. Bg3 Bd2 46. Be1 Bf4+
1/2-1/2

[Event "OPEN B - XVII MIEDZYNARODOWY FESTIWAL S"]
[Site "GOLD CHESS Open  - Rewal"]
[Date "2012.??.??"]
[Round "6.32"]
[White "Czerniawski, Krzysztof"]
[Black "Baran, Dawid"]
[Result "1-0"]
[WhiteElo "1569"]
[BlackElo "1740"]
[PlyCount "55"]
[EventDate "2012.??.??"]

1. d4 Nf6 2. c4 g6 3. Nc3 Bg7 4. e4 d6 5. f3 O-O 6. Be3 Nc6 7. Qd2 e5 8. Nge2
exd4 9. Nxd4 Nxd4 10. Bxd4 Re8 11. O-O-O Be6 12. g4 c6 13. h4 Qa5 14. h5 b5 15.
hxg6 hxg6 16. g5 Nh5 17. Bxg7 Kxg7 18. Qd4+ Kg8 19. f4 c5 20. Qf2 b4 21. Nd5
Bxd5 22. exd5 Qxa2 23. Bd3 Qa1+ 24. Bb1 Re4 25. Qc2 Rae8 26. Rd2 Nxf4 27. Rdh2
Ne2+ 28. Qxe2 1-0

[Event "OPEN B - XVII MIEDZYNARODOWY FESTIWAL S"]
[Site "GOLD CHESS Open  - Rewal"]
[Date "2012.??.??"]
[Round "6.33"]
[White "Lebiedowicz, Borys"]
[Black "Kasianczuk, Krzysztof"]
[Result "0-1"]
[WhiteElo "1730"]
[BlackElo "1590"]
[PlyCount "66"]
[EventDate "2012.??.??"]

1. e4 c5 2. Nf3 Nc6 3. d4 cxd4 4. Nxd4 Nf6 5. Nc3 e5 6. Ndb5 d6 7. Bg5 a6 8.
Na3 b5 9. Nd5 Be7 10. Bxf6 Bxf6 11. c4 b4 12. Nc2 a5 13. g3 Rb8 14. b3 Be6 15.
Bg2 Bg5 16. O-O O-O 17. Qd3 Qd7 18. f4 exf4 19. gxf4 Bh6 20. f5 Bxd5 21. Qxd5
Rbd8 22. Rad1 Qa7+ 23. Kh1 Ne5 24. h3 Bg5 25. Nd4 Qc5 26. Nb5 Be7 27. Qd2 Rd7
28. Qf4 Rfd8 29. Rd5 Qb6 30. Rfd1 h6 31. Bf1 Bf6 32. Qd2 Nf3 33. Qe2 Qg1# 0-1

[Event "OPEN B - XVII MIEDZYNARODOWY FESTIWAL S"]
[Site "GOLD CHESS Open  - Rewal"]
[Date "2012.??.??"]
[Round "6.34"]
[White "Chylewski, Patryk"]
[Black "Przybylska, Agata"]
[Result "1/2-1/2"]
[WhiteElo "1562"]
[BlackElo "1689"]
[PlyCount "57"]
[EventDate "2012.??.??"]

1. d4 Nf6 2. c4 e6 3. Nc3 Bb4 4. Qc2 O-O 5. Nf3 b6 6. a3 Bxc3+ 7. Qxc3 Bb7 8.
g3 Ne4 9. Qc2 f5 10. Bg2 d6 11. O-O Nd7 12. b4 c5 13. Bb2 Rc8 14. Rfd1 Qc7 15.
Rac1 Ba6 16. dxc5 dxc5 17. b5 Bb7 18. Nd2 Ndf6 19. Bxf6 Nxf6 20. Bxb7 Qxb7 21.
Nf3 Rcd8 22. Rxd8 Rxd8 23. Rd1 Rxd1+ 24. Qxd1 Qd7 25. Qxd7 Nxd7 26. Nd2 Kf7 27.
f4 Kf6 28. Kf2 g5 29. e3 1/2-1/2

[Event "OPEN B - XVII MIEDZYNARODOWY FESTIWAL S"]
[Site "GOLD CHESS Open  - Rewal"]
[Date "2012.??.??"]
[Round "6.35"]
[White "Wodecki, Michal"]
[Black "Jaskiewicz, Kamila"]
[Result "0-1"]
[WhiteElo "1440"]
[BlackElo "1661"]
[PlyCount "46"]
[EventDate "2012.??.??"]

1. e4 c5 2. c3 e6 3. d4 cxd4 4. cxd4 Nf6 5. e5 Nd5 6. f4 d6 7. Nf3 b6 8. Nc3
Bb7 9. Bb5+ Nd7 10. Qa4 Nxc3 11. bxc3 a6 12. Bxd7+ Qxd7 13. Qxd7+ Kxd7 14. O-O
Rc8 15. Bb2 Be7 16. Rab1 b5 17. Rfc1 Bd5 18. a3 h6 19. exd6 Bxd6 20. Ne5+ Kc7
21. g3 h5 22. Kf2 h4 23. Rh1 Bxh1 0-1

[Event "OPEN B - XVII MIEDZYNARODOWY FESTIWAL S"]
[Site "GOLD CHESS Open  - Rewal"]
[Date "2012.??.??"]
[Round "6.36"]
[White "Nun, Ryszard"]
[Black "Drabek, Jan"]
[Result "0-1"]
[WhiteElo "1652"]
[BlackElo "1698"]
[PlyCount "60"]
[EventDate "2012.??.??"]

1. d4 g6 2. c4 Bg7 3. Nc3 c5 4. Nf3 cxd4 5. Nxd4 Nf6 6. e4 d6 7. Be3 Nc6 8. Be2
O-O 9. O-O Bd7 10. a3 a5 11. Qc2 h5 12. h3 Kh7 13. f4 Ng4 14. hxg4 Nxd4 15.
Bxd4 Bxd4+ 16. Kh1 e5 17. g3 exf4 18. Kg2 Kg7 19. gxh5 Qg5 20. Rxf4 Be5 21. Rf3
gxh5 22. Qd3 h4 23. Qe3 Qxe3 24. Rxe3 hxg3 25. Nd5 Rh8 26. Kf3 Rh2 27. Rf1 Bh3
28. Nf4 Bxf1 29. Bxf1 Rf2+ 30. Kg4 Rxf1 0-1

[Event "OPEN B - XVII MIEDZYNARODOWY FESTIWAL S"]
[Site "GOLD CHESS Open  - Rewal"]
[Date "2012.??.??"]
[Round "6.38"]
[White "Wodecki, Mikolaj"]
[Black "Huchler, Harald"]
[Result "1/2-1/2"]
[WhiteElo "1300"]
[BlackElo "1446"]
[PlyCount "52"]
[EventDate "2012.??.??"]

1. e4 c5 2. c3 e6 3. d4 d5 4. exd5 cxd4 5. Qxd4 Qxd5 6. Qxd5 exd5 7. Nf3 Nf6 8.
Bd3 Be7 9. O-O O-O 10. Bg5 h6 11. Bh4 Nc6 12. Na3 a6 13. Nc2 b5 14. Ne3 Be6 15.
Bf5 Rad8 16. Rad1 Ne4 17. Bxe7 Nxe7 18. Bxe4 dxe4 19. Nd2 f5 20. Nb3 Bxb3 21.
axb3 g6 22. Ra1 Rf6 23. Nc2 Rdd6 24. Rfd1 Kf7 25. Rxd6 Rxd6 26. Kf1 Kf6 1/2-1/2

[Event "OPEN B - XVII MIEDZYNARODOWY FESTIWAL S"]
[Site "GOLD CHESS Open  - Rewal"]
[Date "2012.??.??"]
[Round "6.39"]
[White "Hadzicki, Tomasz"]
[Black "Strek, Jaroslaw"]
[Result "1/2-1/2"]
[WhiteElo "1858"]
[BlackElo "1493"]
[PlyCount "32"]
[EventDate "2012.??.??"]

1. e4 c5 2. d4 cxd4 3. c3 d6 4. Nf3 Nf6 5. Bd3 Bg4 6. cxd4 Nc6 7. d5 Ne5 8.
Nxe5 Bxd1 9. Bb5+ Nd7 10. Bxd7+ Qxd7 11. Nxd7 Kxd7 12. Kxd1 g6 13. Nc3 Bg7 14.
Be3 Rac8 15. Rc1 Rc4 16. Kd2 Rhc8 1/2-1/2